Marvel Superheroes - Statistics

General Stats
  • This quiz has been taken 25 times
  • The average score is 14 of 17
Answer Stats
Hint Alter-Ego Answer % Correct
WWII Soldier Steve Rogers Captain America
100%
God of Thunder ??? Thor
100%
Spider-Based, does shoot webs Peter Parker Spider-Man
95%
Spider-Based but doesn't shoot webs Natasha Romanoff Black Widow
90%
Superhuman eyesight Clint Barton Hawkeye
90%
Billionaire Tony Stark Iron Man
90%
Fast guy in the X-Men Peter Maximoff Quicksilver
86%
Sister of the fast guy Wanda Maximoff Scarlet Witch
86%
Metal arm guy James "Bucky" Barnes Winter Soldier
86%
Merc with a mouth Wade Wilson Deadpool
81%
Cap's best friend Sam Wilson Falcon
81%
Paralyzed telepath Charles Xavier Professor X
81%
Adamantium skeleton Logan Howlett Wolverine
76%
Father of the fast guy and the sister Max Eisenhardt Magneto
62%
Teleporter Kurt Wagner Nightcrawler
62%
Younger Spider-dude ??? Miles Morales
57%
Spider-Clone Ben Reilly Scarlet Spider
33%
No matching quizzes found
Score Distribution
Percent of People with Each Score
Percentile by Number Answered
Your Score History
You have not taken this quiz